Principales ciudades atravesadas por el río Magdalena (Colombia) - Estadísticas

Estadísticas generales
  • Esta prueba ha sido intentada 76 veces
  • La puntuación promedio es 6 de 9
Estadísticas de respuestas
Hint Respuesta % Correcto
Atlántico Barranquilla
87%
Huila Neiva
86%
Cundinamarca Girardot
74%
Caldas La Dorada
73%
Santander Barrancabermeja
69%
Tolima Honda
67%
Antioquia Puerto berrío
56%
Bolívar Magangué
39%
Magdalena El Banco
33%
No se encontraron pruebas coincidentes
Distribución de puntuación
Porcentaje de gente con cada puntuación
Porcentaje por número respondido
Historial de tus puntuaciones
No has intentado esta prueba.